Vista normal
Vista MARC
Entrada Personal Name
Número de registros utilizados en: 2
001 - CONTROL NUMBER
- control field: 16973
003 - CONTROL NUMBER IDENTIFIER
- control field: DLC
005 - DATE AND TIME OF LATEST TRANSACTION
- control field: 20260226100631.0
008 - FIXED-LENGTH DATA ELEMENTS
- fixed length control field: 820915n| acannaabn |a aaa
010 ## - LIBRARY OF CONGRESS CONTROL NUMBER
- LC control number: n 82089496
035 ## - SYSTEM CONTROL NUMBER
- System control number: (OCoLC)oca00786142
040 ## - CATALOGING SOURCE
- Original cataloging agency: DLC
- Language of cataloging: spa
- Transcribing agency: Mx-PuUPA
- Modifying agency: DLC
- Modifying agency: OCoLC
- Modifying agency: TxU
- Modifying agency: Mx-PuUPA
- Description conventions: rda
046 ## - SPECIAL CODED DATES
- Birth date: 1774
- Death date: 1848
100 1# - HEADING--PERSONAL NAME
- Personal name: Bustamante, Carlos María de,
- Dates associated with a name: 1774-1848
374 ## - OCCUPATION
- Occupation: Autor
375 ## - GENDER
- Gender: hombre
377 ## - ASSOCIATED LANGUAGE
- Language code: spa
400 1# - SEE FROM TRACING--PERSONAL NAME
- Personal name: De Bustamante, Carlos María,
- Dates associated with a name: 1774-1848
400 0# - SEE FROM TRACING--PERSONAL NAME
- Personal name: C. M. B.
400 1# - SEE FROM TRACING--PERSONAL NAME
- Personal name: B., C. M.
500 0# - SEE ALSO FROM TRACING--PERSONAL NAME
- Personal name: Censor de Antequera
670 ## - SOURCE DATA FOUND
- Source citation: His Resúmen histórico de la revolución de los Estados Unidos Mejicanos, c1983:
- Information found: t.p. (Lic. D. Carlos María Bustamante)
670 ## - SOURCE DATA FOUND
- Source citation: Temblores de México, 1837:
- Information found: p. 9 (C.M.B.)
675 ## - SOURCE DATA NOT FOUND
- Source citation: Tercero juguetillo, 1812: p. 21 (El censor de Antequera)
- Source citation: 500 años de México en sus documentos WWW site, Dec. 5, 2011: Siglo XIX, 1810-1819 (Censor de Antequera, pseud. used by Carlos María Bustamante in his Juguetillo series)